000 00521nam a2200193Ia 4500
999 _c29952
_d29952
003 OSt
005 20201110142616.0
008 190216s9999||||xx |||||||||||||| ||und||
020 _a9788130007236
040 _coclc
082 _a894.8123
_bKHA/M
100 _aKhadar, U A
_96407
245 0 _aMesavilakku /
_cU A Khadar
250 _a2nd Ed.
260 _bPoorna Publications,
_c2012.
_aKozhikode:
300 _a168p
650 _aNovel
942 _cBK
_2ddc
_h894.8123
_iKHA/M
_k894.8123
_mKHA/M